Samfunnsfag - Velferdsstaten - Statistics

General Stats
  • This quiz has been taken 26 times
  • The average score is 5 of 15
Answer Stats
Hint Answer % Correct
Den statlige etaten som administrerer alle trygdeoverføringene NAV
71%
Det som arbeidstakere mottar når de er hjemme fra jobben pga. sykdom Sykepenger
71%
Støtte til alle som har barn Barnetrygd
64%
Hva det kalles når staten bidrar til økonomisk trygghet for innbyggerne Velferdsstaten
57%
Det som studenter mottar i støtte for å ta høyere utdanning (enten på offentlige eller private høyskoler) Studielån og stipend
43%
Trygd for folk som ikke kan jobbe pga. helse og medisinske årsaker Uføretrygd
43%
Den statlige etaten som administrerer denne støtten til studenter Lånekassen
36%
Det som pensjonerte over pensjonsalderen får når de ikke jobber lenger (størrelsen varierer etter hvor mye man har tjent gjennom livet) Alderspensjon
29%
Arbeidsledighetstrygd for folk som har mistet jobben Dagpenger
21%
Felleskassen som trygdene kommer fra kalles... Folketrygden
21%
Det som arbeidstakere mottar når de er permittert fra jobben med nytt barn Foreldrepenger
21%
De fleste av disse trygdene er ikke behovsprøvde, men gjelder alle og kalles... Universelle
21%
Det som pensjonerte over pensjonsalderen mottar selv om man aldri har jobbet før Minstepensjon
14%
I Norge har alle tilgang til nesten gratis helsetjenester fordi vi har et... Offentlig helsevesen
7%
Det man noen ganger kaller velferdsstatene i Norge, Sverige, Danmark, Island og Finland Den nordiske modellen
0%
No matching quizzes found
Score Distribution
Percent of People with Each Score
Percentile by Number Answered
Your Score History
You have not taken this quiz